Liedtext - One Piece - Über's Meer - Statistiken

Allgemein
  • Dieses Quiz wurde 148 mal gespielt
  • Das Durchschnittsergebnis liegt bei 54 aus 136
Antwortstatistiken
Liedtext % Korrekt
Meer
79%
über
78%
wir
71%
Wir
71%
der
69%
den
66%
die
66%
Die
66%
wo
66%
Übers
64%
das
60%
uns
59%
im
57%
es
55%
Es
55%
See
53%
du
52%
hinter
51%
in
51%
wer
49%
ich
48%
Segel
48%
und
48%
zu
47%
Immer
45%
weiter
45%
Wolken
45%
ihr
44%
so
44%
unser
44%
auf
43%
Weg
43%
gehen
40%
segeln
40%
Schatz
39%
dem
38%
haben
38%
Horizont
38%
Traum
37%
werden
37%
mit
36%
schon
36%
dein
35%
einen
35%
sehen
35%
Zukunft
34%
Nur
34%
nur
34%
um
34%
kann
33%
liegt
33%
Nichts
33%
sind
33%
Hinterm
32%
Piraten
32%
wird's
32%
Ziel
32%
auch
31%
dass
31%
dich
31%
Irgendwo
31%
nächsten
31%
Wisst
31%
bist
30%
gibt
30%
bin
29%
deine
29%
Glück
29%
ihn
29%
Kompass
29%
Träume
29%
dir
28%
dort
28%
gesehen
28%
jede
28%
König
28%
Setz
28%
unendlichen
28%
Vergangenheit
28%
zeigt
28%
führt
27%
Grenzen
27%
oft
27%
Tränen
27%
Herz
26%
Wege
26%
geradeaus
24%
neue
24%
Augenblick
23%
draußen
23%
manchmal
23%
Bord
22%
Angst
21%
verspricht
21%
weitergehen
21%
Wirf
21%
zuhause
21%
jeden
20%
jetzt
20%
Überschreite
20%
frei
19%
warten
19%
also
18%
fühlen
18%
gespannt
18%
unglaublichen
18%
menge
17%
erbeutet
16%
total
12%
Abenteur
7%
Keine übereinstimmenden Quizze gefunden
Verteilung der Resultate
Anzahl Personen mit jedem Resultat
Perzentil nach korrekt beantworteten Fragen
Ihre Resultats-Entwicklung
Sie haben dieses Quiz noch nicht gespielt